| 000 | 00743nam a22002537a 4500 | ||
|---|---|---|---|
| 001 | 25498 | ||
| 005 | 20260428170010.0 | ||
| 008 | 260427b |||||||| |||| 00| 0 spa d | ||
| 020 | _a9786123113162 | ||
| 041 | _aESP | ||
| 082 |
_a346.431 _bG67A |
||
| 100 |
_aGonzales Barrón, Gunther _eAUT |
||
| 245 | _aLos principios registrales en el conflicto judicial | ||
| 250 | _aSegunda edición | ||
| 260 |
_aLima : _bGaceta Jurídica, _c2014 |
||
| 300 |
_a421 páginas : _bcuadro ; _c25 cm. |
||
| 440 | _a ; | ||
| 650 | _aCIS | ||
| 653 | _aDerecho registral, Perú, casos | ||
| 654 | _aCDE | ||
| 700 | _a; | ||
| 856 |
_uhttps://itmsp.museknowledge.com/UCSP?groupID=2 _zVéase además: Biblioteca Digital |
||
| 942 |
_cLIB _dJUS _fMIP _n0 _2ddc |
||
| 999 |
_c25498 _d25498 |
||